For whom the bell tolls / (Record no. 170772)
[ view plain ]
| 000 -LEADER | |
|---|---|
| campo de control de longitud fija | 00732nam a2200217 i 4500 |
| 001 - NÚMERO DE CONTROL | |
| campo de control | 170772 |
| 003 - IDENTIFICADOR DE NÚMERO DE CONTROL | |
| campo de control | ES-MaACL |
| 005 - FECHA Y HORA DE LA ÚLTIMA TRANSACCIÓN | |
| campo de control | 20251019063054.0 |
| 008 - DATOS DE LONGITUD FIJA--INFORMACIÓN GENERAL | |
| campo de control de longitud fija | 090403s1942 xxk |||| | eng d |
| 080 ## - NÚMERO DE LA CLASIFICACIÓN DECIMAL UNIVERSAL | |
| Número de la Clasificación Decimal Universal | 821.111(73)-31"19" |
| 100 1# - ENTRADA PRINCIPAL--NOMBRE DE PERSONA | |
| Nombre de persona | Hemingway, Ernest, |
| Fechas asociadas al nombre | 1899-1961 |
| 9 (RLIN) | 242377 |
| 245 10 - MENCIÓN DEL TÍTULO | |
| Título | For whom the bell tolls / |
| Mención de responsabilidad, etc. | by Ernest Hemingway. |
| 260 ## - PUBLICACIÓN, DISTRIBUCIÓN, ETC. | |
| Lugar de publicación, distribución, etc. | London : |
| Nombre del editor, distribuidor, etc. | The Reprint Society, |
| Fecha de publicación, distribución, etc. | 1942. |
| 300 ## - DESCRIPCIÓN FÍSICA | |
| Extensión | 443 p. ; |
| Dimensiones | 19 cm. |
| 490 1# - MENCIÓN DE SERIE | |
| Mención de serie | World books |
| 595 ## - | |
| -- | 1st published 1941. |
| 651 #4 - PUNTO DE ACCESO ADICIONAL DE MATERIA--NOMBRE GEOGRÁFICO | |
| Nombre geográfico | España- |
| Subdivisión general | Historia- |
| Subdivisión cronológica | 1936-1939, Guerra civil- |
| Subdivisión de forma | Novelas. |
| 9 (RLIN) | 8310 |
| 830 0# - PUNTO DE ACCESO ADICIONAL DE SERIE-TÍTULO UNIFORME | |
| Título uniforme | World books |
| 9 (RLIN) | 223078 |
| 852 4# - LOCALIZACIÓN | |
| Ubicación | ES-MaACL |
| Número de control de estantería | E-12545 |
| itemnumber | R.140186 |
| Nota libre | . - Biblioteca Jacinto Martínez Lacalle |
| Estatus retirado | Estado de pérdida | Estado de daño | No para préstamo | Biblioteca de origen | Biblioteca actual | Ubicación en estantería | Fecha de adquisición | Fuente de adquisición | Total de préstamos | Signatura topográfica completa | Código de barras | Visto por última vez | Precio de reemplazo | Tipo de ítem Koha |
|---|---|---|---|---|---|---|---|---|---|---|---|---|---|---|
| Biblioteca del Ateneo de Madrid | Biblioteca del Ateneo de Madrid | Depósito 2 | 03/04/2009 | E-12545 | 1179224 | 23/02/2023 | 23/02/2023 | Libro impreso |
